| 000 | 00553nam a2200193Ia 4500 | ||
|---|---|---|---|
| 008 | 191130s2004##################000#0#eng## | ||
| 020 | _a9780750657716 | ||
| 040 |
_aACL _cACL |
||
| 082 | _a620.0042 CHI | ||
| 100 | _aChilds, Peter R. N | ||
| 245 |
_aMechanical design _cPeter R. N. Childs |
||
| 250 | _a2nd ed | ||
| 260 |
_aAmsterdam ; Boston, MA _bElsevier Butterworth-Heinemann _c2004 |
||
| 300 | _ax, 358 p. : ill. ; 25 cm | ||
| 650 | _aMechanical Design | ||
| 990 | _a8b61e9c7ac10000c5fb8372b80358996 | ||
| 991 | _a200872 | ||
| 999 |
_c379131 _d379131 |
||